000
00212nam a2200085Ia 4500
008
120527s9999 xx 000 0 und d
100
_a
Sherman , et al
245
_a
World Civilization : sources, images
942
_c
BK
999
_c
27706
_d
27706